[Event "Rio de Janeiro Duchamp op 4th"]
[Site "Rio de Janeiro"]
[Date "2022.12.11"]
[Round "6"]
[White "Moura, Eduardo Henrique B"]
[Black "Viana, Dirceu"]
[Result "1/2-1/2"]
[WhiteElo "2098"]
[BlackElo "2199"]
[PlyCount "32"]
[EventDate "2022.12.07"]
[EventType "swiss"]
[EventRounds "9"]
[EventCountry "BRA"]
[SourceTitle "CBM 211 Extra"]
[Source "ChessBase"]
[SourceDate "2023.01.31"]
[SourceVersion "1"]
[SourceVersionDate "2023.01.31"]
[SourceQuality "1"]

1. e4 e5 2. Nf3 d6 3. d4 exd4 4. Nxd4 Nf6 5. Nc3 Be7 6. Bf4 0-0 7. Qd2 Nc6 8. 0-0-0 Nxd4 9. Qxd4 Be6 10. Be2 a6 11. e5 dxe5 12. Qxd8 Rfxd8 13. Bxe5 c6 14. a3 Rxd1+ 15. Rxd1 Rd8 16. Rxd8+ Bxd8 1/2-1/2

[Event "Rio de Janeiro Duchamp op 4th"]
[Site "Rio de Janeiro"]
[Date "2022.12.10"]
[Round "4"]
[White "Brizzi, Milagros Tatiana"]
[Black "Viana, Dirceu"]
[Result "1/2-1/2"]
[WhiteElo "2028"]
[BlackElo "2199"]
[PlyCount "43"]
[EventDate "2022.12.07"]
[EventType "swiss"]
[EventRounds "9"]
[EventCountry "BRA"]
[SourceTitle "CBM 211 Extra"]
[Source "ChessBase"]
[SourceDate "2023.01.31"]
[SourceVersion "1"]
[SourceVersionDate "2023.01.31"]
[SourceQuality "1"]

1. Nf3 d6 2. g3 e5 3. d3 g6 4. e4 Bg7 5. Bg2 Nc6 6. 0-0 Nge7 7. c3 0-0 8. b4 h6 9. b5 Nb8 10. a4 a6 11. Ba3 Be6 12. Nbd2 Qd7 13. Qb1 axb5 14. axb5 b6 15. c4 Qc8 16. d4 exd4 17. Bb2 Rxa1 18. Qxa1 c5 19. bxc6 Nbxc6 20. Nxd4 Nxd4 21. Bxd4 Bxd4 22. Qxd4 1/2-1/2

[Event "Florianopolis op 5th"]
[Site "Florianopolis"]
[Date "2019.01.26"]
[Round "8"]
[White "Cubas, Jose Fernando"]
[Black "Viana, Dirceu"]
[Result "1-0"]
[WhiteElo "2506"]
[BlackElo "2173"]
[PlyCount "57"]
[EventDate "2019.01.21"]
[EventType "swiss"]
[EventRounds "10"]
[EventCountry "BRA"]
[SourceTitle "CBM 188 Extra"]
[Source "ChessBase"]
[SourceDate "2019.02.26"]
[SourceVersion "1"]
[SourceVersionDate "2019.02.26"]
[SourceQuality "1"]

1. g3 e5 2. c4 d6 3. Nc3 f5 4. Bg2 Nf6 5. d3 Be7 6. e4 c6 7. Nge2 0-0 8. 0-0 fxe4 9. dxe4 Be6 10. b3 a6 11. a4 a5 12. h3 Na6 13. f4 Nd7 14. Be3 Kh8 15. Ra2 Ndc5 16. Rd2 Qb6 17. f5 Bg8 18. Nc1 Bg5 19. Bxg5 Nxe4+ 20. Kh2 Nxg5 21. h4 Nf7 22. f6 g6 23. Ne4 Rad8 24. Nxd6 Nxd6 25. Rxd6 Bf7 26. Re1 Rfe8 27. Rxe5 Rxd6 28. Rxe8+ Bxe8 29. Qxd6 1-0

[Event "Florianopolis op 5th"]
[Site "Florianopolis"]
[Date "2019.01.24"]
[Round "6"]
[White "Woichinevski, Joao Vinicius Peruc"]
[Black "Viana, Dirceu"]
[Result "1/2-1/2"]
[WhiteElo "1528"]
[BlackElo "2173"]
[PlyCount "83"]
[EventDate "2019.01.21"]
[EventType "swiss"]
[EventRounds "10"]
[EventCountry "BRA"]
[SourceTitle "CBM 188 Extra"]
[Source "ChessBase"]
[SourceDate "2019.02.26"]
[SourceVersion "1"]
[SourceVersionDate "2019.02.26"]
[SourceQuality "1"]

1. e4 e6 2. d4 d5 3. Nc3 Nf6 4. e5 Nfd7 5. Nce2 c5 6. c3 b6 7. Nf3 Ba6 8. g3 Nc6 9. Bg2 cxd4 10. cxd4 Bb4+ 11. Bd2 Qe7 12. 0-0 Bxd2 13. Qxd2 Qb4 14. Rfd1 Rc8 15. Rac1 0-0 16. Rc3 Rc7 17. a3 Qe7 18. Rdc1 Rfc8 19. Nf4 Ndb8 20. Bf1 Bxf1 21. Kxf1 Na5 22. R1c2 h6 23. Qc1 Rxc3 24. Rxc3 Rxc3 25. Qxc3 Qd7 26. Nd2 Qc6 27. Nd3 Qxc3 28. bxc3 Kf8 29. Ke2 Ke7 30. f4 h5 31. f5 Nd7 32. Nf4 h4 33. g4 b5 34. fxe6 fxe6 35. Ng6+ Kf7 36. Nxh4 Nb6 37. Ndf3 Nac4 38. Ng5+ Ke7 39. Ng6+ Ke8 40. Nxe6 Nxa3 41. Nc5 Nac4 42. h4 1/2-1/2

[Event "Florianopolis op 5th"]
[Site "Florianopolis"]
[Date "2019.01.22"]
[Round "2"]
[White "Marques, Eudes Pinto"]
[Black "Viana, Dirceu"]
[Result "0-1"]
[WhiteElo "1896"]
[BlackElo "2173"]
[PlyCount "51"]
[EventDate "2019.01.21"]
[EventType "swiss"]
[EventRounds "10"]
[EventCountry "BRA"]
[SourceTitle "CBM 188 Extra"]
[Source "ChessBase"]
[SourceDate "2019.02.26"]
[SourceVersion "1"]
[SourceVersionDate "2019.02.26"]
[SourceQuality "1"]

1. Nf3 d6 2. c4 e5 3. Nc3 f5 4. e4 Nf6 5. Qc2 g6 6. d4 Nc6 7. dxe5 dxe5 8. Bg5 Bb4 9. Bd3 h6 10. Bxf6 Qxf6 11. 0-0-0 Bxc3 12. Qxc3 f4 13. c5 a6 14. Bc4 Bd7 15. Rd2 0-0-0 16. Rhd1 Bg4 17. Rxd8+ Rxd8 18. Rxd8+ Kxd8 19. Qd3+ Kc8 20. h3 Bxf3 21. Qxf3 h5 22. Qc3 Qg5 23. Be6+ Kb8 24. f3 Qxg2 25. b4 Nd4 26. Bd7 0-1

[Event "Arica op 5th"]
[Site "Arica"]
[Date "2018.12.16"]
[Round "5"]
[White "Viana, Dirceu"]
[Black "Rodriguez Vila, Andres"]
[Result "0-1"]
[WhiteElo "2185"]
[BlackElo "2489"]
[PlyCount "34"]
[EventDate "2018.12.13"]
[EventType "swiss"]
[EventRounds "10"]
[EventCountry "CHI"]
[SourceTitle "CBM 188 Extra"]
[Source "ChessBase"]
[SourceDate "2019.02.26"]
[SourceVersion "1"]
[SourceVersionDate "2019.02.26"]
[SourceQuality "1"]

1. c4 e5 2. Nc3 Nc6 3. Nf3 d6 4. g3 g6 5. Bg2 Bg7 6. d3 Nf6 7. 0-0 0-0 8. Bg5 h6 9. Bxf6 Bxf6 10. Nd5 e4 11. Nxf6+ Qxf6 12. Ne1 Qxb2 13. Bxe4 Nd4 14. Bf3 Re8 15. e3 Nxf3+ 16. Nxf3 Bg4 17. Kg2 Rxe3 0-1

[Event "Rio de Janeiro Duchamp op 2nd"]
[Site "Rio de Janeiro"]
[Date "2018.11.20"]
[Round "9"]
[White "Matsuura, Everaldo"]
[Black "Viana, Dirceu"]
[Result "1-0"]
[WhiteElo "2476"]
[BlackElo "2201"]
[PlyCount "95"]
[EventDate "2018.11.14"]
[EventType "swiss"]
[EventRounds "9"]
[EventCountry "BRA"]
[SourceTitle "CBM 187 Extra"]
[Source "ChessBase"]
[SourceDate "2018.11.04"]
[SourceVersion "1"]
[SourceVersionDate "2018.11.04"]
[SourceQuality "1"]

1. e4 e6 2. d4 d5 3. Nc3 Nf6 4. e5 Nfd7 5. Nce2 c5 6. c3 b6 7. f4 Ba6 8. Nf3 Nc6 9. a3 cxd4 10. cxd4 g6 11. g3 Rc8 12. Bh3 Qc7 13. Kf2 Na5 14. Nc3 Qb7 15. Re1 Be7 16. Bg2 Nc4 17. g4 h5 18. h3 hxg4 19. hxg4 Nf8 20. Ne2 Na5 21. b4 Bxe2 22. Rxe2 Nc4 23. Qd3 a5 24. b5 Qd7 25. Rb1 Rc7 26. g5 Kd8 27. Rc2 Kc8 28. Nd2 Nxd2 29. Qxd2 Rxc2 30. Qxc2+ Qc7 31. Qd3 Kb7 32. Bd2 Nd7 33. Rc1 Qd8 34. Kg3 Nb8 35. a4 Qd7 36. Bf3 Qd8 37. Qc2 Qd7 38. Qb1 Ba3 39. Rh1 Rxh1 40. Qxh1 Qe7 41. Qh7 Nd7 42. f5 Nf8 43. Qg7 gxf5 44. Bh5 Bb4 45. Be3 Ng6 46. Bxg6 fxg6 47. Qxg6 Be1+ 48. Kf3 1-0

[Event "Rio de Janeiro Duchamp op"]
[Site "Rio de Janeiro"]
[Date "2017.11.18"]
[Round "9"]
[White "Dos Santos, Vitor Eduardo Mello"]
[Black "Viana, Dirceu"]
[Result "0-1"]
[WhiteElo "2052"]
[BlackElo "2189"]
[PlyCount "148"]
[EventDate "2017.11.11"]
[EventType "swiss"]
[EventRounds "9"]
[EventCountry "BRA"]
[SourceTitle "CBM 181 Extra"]
[Source "ChessBase"]
[SourceDate "2017.12.12"]
[SourceVersion "1"]
[SourceVersionDate "2017.12.12"]
[SourceQuality "1"]

1. e4 e6 2. d4 d5 3. Nc3 Nf6 4. Bg5 Be7 5. e5 Ng8 6. Bxe7 Nxe7 7. f4 b6 8. Nf3 Qd7 9. Qd2 Nbc6 10. Nd1 f6 11. exf6 gxf6 12. Ne3 Bb7 13. g3 0-0-0 14. 0-0-0 Kb8 15. Rg1 Nc8 16. c3 Nd6 17. Qc2 Ne4 18. Bg2 h5 19. Nh4 f5 20. Qe2 Ne7 21. Nc2 Qa4 22. Kb1 c5 23. Qe3 Rc8 24. Rc1 Rc7 25. Bf3 Ba6 26. Be2 Bxe2 27. Qxe2 Rhc8 28. Rgd1 Nc6 29. Nf3 Na5 30. Ne5 Qe8 31. Qe3 Nb7 32. Nf3 Nbd6 33. Na3 c4 34. Nc2 Rb7 35. Ka1 b5 36. Qe1 a5 37. Ne3 b4 38. Nd2 Qa4 39. Nxe4 Nxe4 40. Rb1 Rc6 41. Rdc1 Rcb6 42. Nd1 Ka7 43. Nf2 bxc3 44. bxc3 Qa3 45. Nd1 Ka6 46. Qe3 Rb5 47. Qe1 Rxb1+ 48. Rxb1 Rb3 49. Rxb3 cxb3 50. Qe2+ Kb6 51. Qb2 Qxb2+ 52. Kxb2 bxa2 53. Kxa2 Kb5 54. Kb2 Kc4 55. Kc2 a4 56. Ne3+ Kb5 57. Kb2 Nd6 58. Kc2 Ne4 59. Kb2 Nd2 60. Kc2 Nf3 61. h3 Ng1 62. g4 fxg4 63. hxg4 hxg4 64. Nxg4 Ne2 65. f5 exf5 66. Ne3 f4 67. Nxd5 f3 68. Ne3 Ng3 69. c4+ Kb4 70. Kb2 f2 71. d5 Ne4 72. Ka2 Nd6 73. c5 Kxc5 74. Ka3 Nc4+ 0-1

[Event "Rio de Janeiro Padua Memorial 2nd"]
[Site "Rio de Janeiro"]
[Date "2017.10.12"]
[Round "2"]
[White "Gomes, Pedro Pessoa"]
[Black "Viana, Dirceu"]
[Result "0-1"]
[WhiteElo "1585"]
[BlackElo "2158"]
[PlyCount "62"]
[EventDate "2017.10.12"]
[EventType "swiss"]
[EventRounds "6"]
[EventCountry "BRA"]
[SourceTitle "CBM 181 Extra"]
[Source "ChessBase"]
[SourceDate "2017.12.12"]
[SourceVersion "1"]
[SourceVersionDate "2017.12.12"]
[SourceQuality "1"]

1. c4 e5 2. Nc3 d6 3. g3 f5 4. d3 Nf6 5. Bg2 Be7 6. e3 0-0 7. Nge2 c6 8. f4 a5 9. c5 Na6 10. fxe5 dxe5 11. d4 e4 12. Qb3+ Kh8 13. a3 Nc7 14. Bd2 Be6 15. Qc2 Ncd5 16. 0-0 Qe8 17. Nxd5 Nxd5 18. Nf4 Nxf4 19. gxf4 a4 20. Be1 Qh5 21. Bg3 Ra5 22. Rf2 Bb3 23. Qc3 Raa8 24. Bf1 Qf7 25. Rc1 Kg8 26. Bc4 Bxc4 27. Qxc4 Rfd8 28. Qxf7+ Kxf7 29. Rc4 Ke6 30. Rfc2 Rd7 31. Be1 h6 0-1

[Event "Tijuca Tenis Clube op 3rd"]
[Site "Rio de Janeiro"]
[Date "2017.09.21"]
[Round "1"]
[White "Viana, Dirceu"]
[Black "Mesquita, Arnaldo Leite"]
[Result "1-0"]
[WhiteElo "2211"]
[BlackElo "1700"]
[PlyCount "78"]
[EventDate "2017.09.21"]
[EventType "swiss"]
[EventRounds "6"]
[EventCountry "BRA"]
[SourceTitle "EXT 2019"]
[Source "ChessBase"]
[SourceDate "2018.10.10"]
[SourceVersion "1"]
[SourceVersionDate "2018.10.10"]
[SourceQuality "1"]

1. e4 Nf6 2. e5 Nd5 3. d4 d6 4. Nf3 Bg4 5. Be2 g6 6. h3 Bxf3 7. Bxf3 c6 8. 0-0 Bg7 9. c4 Nc7 10. Bf4 d5 11. cxd5 Nxd5 12. Bg5 h6 13. Bh4 g5 14. Bg3 e6 15. Nd2 0-0 16. Nc4 Na6 17. Qe2 Rb8 18. Rad1 Qd7 19. h4 Qe7 20. hxg5 hxg5 21. Be4 Bh6 22. Bb1 Kg7 23. Rfe1 Nf4 24. Qg4 Nd5 25. Nd6 Rh8 26. f4 Rbg8 27. f5 Kf8 28. f6 Qc7 29. Be4 Nf4 30. a3 Qb6 31. Bf2 Qd8 32. Nxb7 Qb6 33. Nc5 Ke8 34. Nxa6 Qxa6 35. Rc1 Nd5 36. Bxd5 cxd5 37. Rc7 Rh7 38. Rec1 Kd8 39. Qe2 g4 1-0

[Event "Rio de Janeiro zt RJ"]
[Site "Rio de Janeiro"]
[Date "2017.09.07"]
[Round "6"]
[White "Diniz, Eduardo Almeida"]
[Black "Viana, Dirceu"]
[Result "0-1"]
[WhiteElo "1791"]
[BlackElo "2211"]
[PlyCount "54"]
[EventDate "2017.09.02"]
[EventType "swiss"]
[EventRounds "6"]
[EventCountry "BRA"]
[SourceTitle "CBM 180 Extra"]
[Source "ChessBase"]
[SourceDate "2017.10.06"]
[SourceVersion "1"]
[SourceVersionDate "2017.10.06"]
[SourceQuality "1"]

1. e4 e6 2. d4 d5 3. Nd2 Nf6 4. e5 Nfd7 5. Bd3 c5 6. c3 b6 7. Ne2 Ba6 8. Bc2 Nc6 9. Nf3 cxd4 10. cxd4 Bb4+ 11. Bd2 Qe7 12. a3 Bxd2+ 13. Qxd2 Rc8 14. Rc1 0-0 15. 0-0 Na5 16. b3 Rc6 17. b4 Bxe2 18. Qxe2 Nc4 19. b5 Rc7 20. a4 Rfc8 21. Qd3 Nf8 22. h4 Na3 23. Ne1 Rc3 24. Qe2 Qc7 25. Bxh7+ Nxh7 26. Rxc3 Qxc3 27. Nd3 Qxd4 0-1

[Event "Rio de Janeiro zt RJ"]
[Site "Rio de Janeiro"]
[Date "2017.09.07"]
[Round "5"]
[White "Viana, Dirceu"]
[Black "Baeta, Marcio Netto"]
[Result "0-1"]
[WhiteElo "2211"]
[BlackElo "1987"]
[PlyCount "102"]
[EventDate "2017.09.02"]
[EventType "swiss"]
[EventRounds "6"]
[EventCountry "BRA"]
[SourceTitle "CBM 180 Extra"]
[Source "ChessBase"]
[SourceDate "2017.10.06"]
[SourceVersion "1"]
[SourceVersionDate "2017.10.06"]
[SourceQuality "1"]

1. Nf3 d5 2. b3 Bg4 3. e3 Nd7 4. Bb2 Ngf6 5. h3 Bh5 6. g4 Bg6 7. Nh4 e5 8. Nxg6 hxg6 9. Bg2 c6 10. d3 Bd6 11. Nd2 Qe7 12. a3 0-0-0 13. Qe2 Kb8 14. g5 Nh5 15. h4 f5 16. Bh3 Rdf8 17. Rg1 Nc5 18. 0-0-0 f4 19. Qg4 Re8 20. Kb1 e4 21. dxe4 Nxe4 22. Nxe4 Qxe4 23. Bg2 Qe6 24. Qxe6 Rxe6 25. e4 Bc5 26. exd5 cxd5 27. Rxd5 Bxf2 28. Rgd1 Rf8 29. Be5+ Rxe5 30. Rxe5 f3 31. Bf1 Bxh4 32. Rd4 Ng3 33. Bc4 Nf5 34. Rd7 Bxg5 35. Rc5 Rc8 36. Rxc8+ Kxc8 37. Rf7 f2 38. Bd3 Bf6 39. Kc1 Ng3 40. Kd2 f1Q 41. Bxf1 Nxf1+ 42. Ke2 Nh2 43. Ke3 Ng4+ 44. Ke4 Ne5 45. Rf8+ Kc7 46. a4 g5 47. Re8 g4 48. Kf4 a6 49. a5 Kc6 50. Re6+ Kc7 51. Rb6 Nc6 0-1

[Event "Rio de Janeiro zt RJ"]
[Site "Rio de Janeiro"]
[Date "2017.09.02"]
[Round "1"]
[White "Silva, Marcelo dos Santos"]
[Black "Viana, Dirceu"]
[Result "0-1"]
[WhiteElo "1977"]
[BlackElo "2211"]
[PlyCount "70"]
[EventDate "2017.09.02"]
[EventType "swiss"]
[EventRounds "6"]
[EventCountry "BRA"]
[SourceTitle "CBM 180 Extra"]
[Source "ChessBase"]
[SourceDate "2017.10.06"]
[SourceVersion "1"]
[SourceVersionDate "2017.10.06"]
[SourceQuality "1"]

1. c4 e5 2. Nc3 d6 3. Nf3 f5 4. d3 Nf6 5. Bg5 Be7 6. g3 0-0 7. Bg2 Kh8 8. 0-0 Qe8 9. e3 c6 10. Qc2 Na6 11. a3 Qh5 12. Bxf6 Rxf6 13. b4 Nc7 14. b5 Bd7 15. a4 g5 16. c5 g4 17. Nd2 Rh6 18. h4 d5 19. bxc6 bxc6 20. Ne2 Ne6 21. Rfb1 f4 22. exf4 exf4 23. Nxf4 Nxf4 24. gxf4 Qxh4 25. Rb7 Rd8 26. Nf1 Bf6 27. Rab1 g3 28. R1b4 a5 29. fxg3 Qg4 30. Ne3 Qxg3 31. Nf1 Qh4 32. Rxd7 Rxd7 33. Rb8+ Kg7 34. Re8 Bd4+ 35. Ne3 Qe1+ 0-1

[Event "Florianopolis zt 2.4"]
[Site "Florianopolis"]
[Date "2017.04.29"]
[Round "6"]
[White "Borges, Guilherme Deola"]
[Black "Viana, Dirceu"]
[Result "1/2-1/2"]
[WhiteElo "2131"]
[BlackElo "2254"]
[PlyCount "28"]
[EventDate "2017.04.26"]
[EventType "swiss"]
[EventRounds "9"]
[EventCountry "BRA"]
[SourceTitle "CBM 178 Extra"]
[Source "ChessBase"]
[SourceDate "2017.06.22"]
[SourceVersion "1"]
[SourceVersionDate "2017.06.22"]
[SourceQuality "1"]

1. d4 e6 2. c4 f5 3. Nc3 Nf6 4. Nf3 Bb4 5. Qc2 c5 6. e3 b6 7. a3 Bxc3+ 8. Qxc3 Bb7 9. b4 0-0 10. Be2 Ne4 11. Qc2 d6 12. Bb2 Nd7 13. dxc5 bxc5 14. 0-0 e5 1/2-1/2

[Event "Florianopolis zt 2.4"]
[Site "Florianopolis"]
[Date "2017.04.28"]
[Round "4"]
[White "Madeira, Wagner Martins"]
[Black "Viana, Dirceu"]
[Result "1/2-1/2"]
[WhiteElo "2189"]
[BlackElo "2254"]
[PlyCount "76"]
[EventDate "2017.04.26"]
[EventType "swiss"]
[EventRounds "9"]
[EventCountry "BRA"]
[SourceTitle "CBM 178 Extra"]
[Source "ChessBase"]
[SourceDate "2017.06.22"]
[SourceVersion "1"]
[SourceVersionDate "2017.06.22"]
[SourceQuality "1"]

1. e4 e6 2. d4 d5 3. Nc3 Nf6 4. Bg5 Be7 5. e5 Ng8 6. Be3 b6 7. f4 Qd7 8. Nf3 Nc6 9. Be2 Bb7 10. 0-0 Nh6 11. h3 Nf5 12. Bf2 h5 13. g4 hxg4 14. hxg4 Nh6 15. Nh2 0-0-0 16. Qd2 Rdg8 17. Be3 f6 18. Rf2 Kb8 19. Bf3 fxe5 20. fxe5 Rf8 21. Ne2 Bh4 22. Rg2 Qe8 23. a3 Bd8 24. Nf4 Ng8 25. Be2 Na5 26. b3 Bg5 27. Nf3 Bxf4 28. Bxf4 Ne7 29. Rf1 Ng6 30. Bg3 Bc6 31. Qg5 Rh6 32. Rh2 Rfh8 33. Bd3 Rxh2 34. Bxg6 Rh1+ 35. Kg2 Qf8 36. Rxh1 Rxh1 37. Kxh1 Qxf3+ 38. Kh2 Qe2+ 1/2-1/2

[Event "Sao Paulo op-A 6th"]
[Site "Sao Paulo"]
[Date "2017.04.14"]
[Round "2"]
[White "Viana, Dirceu"]
[Black "Hoshino, Karen M"]
[Result "1-0"]
[WhiteElo "2254"]
[BlackElo "1892"]
[PlyCount "89"]
[EventDate "2017.04.14"]
[EventType "swiss"]
[EventRounds "6"]
[EventCountry "BRA"]
[SourceTitle "CBM 178 Extra"]
[Source "ChessBase"]
[SourceDate "2017.06.22"]
[SourceVersion "1"]
[SourceVersionDate "2017.06.22"]
[SourceQuality "1"]

1. e4 c5 2. Nc3 d6 3. g3 g6 4. Bg2 Bg7 5. d3 e5 6. h4 Nc6 7. h5 Be6 8. Nd5 Qd7 9. Ne2 0-0-0 10. c4 h6 11. a3 g5 12. b4 f5 13. Rb1 Nd4 14. bxc5 dxc5 15. Nxd4 exd4 16. Rb5 Bxd5 17. exd5 Re8+ 18. Kd2 Bf8 19. d6 b6 20. Qf3 Qxd6 21. Qb7+ Kd8 22. Qa8+ Kd7 23. Qxa7+ Qc7 24. Qa4 Kd8 25. Qa8+ Kd7 26. Qd5+ Bd6 27. Qxf5+ Kd8 28. Re1 Rf8 29. Qd5 Rxf2+ 30. Kd1 Ne7 31. Qa8+ Nc8 32. Bh3 Rg8 33. Rxb6 g4 34. Rc6 Qd7 35. Bg2 Rxg2 36. Rxd6 Qxd6 37. Qxg2 Rf8 38. Bf4 Qd7 39. Qa8 Rf6 40. Re5 Qc6 41. Qa5+ Kd7 42. Rd5+ Nd6 43. Qxc5 Qxc5 44. Rxc5 Rf5 45. Bxd6 1-0

[Event "Florianopolis op 3rd"]
[Site "Florianopolis"]
[Date "2017.01.25"]
[Round "9"]
[White "Viana, Dirceu"]
[Black "Gazola, Giovanni"]
[Result "1/2-1/2"]
[WhiteElo "2266"]
[BlackElo "1890"]
[PlyCount "126"]
[EventDate "2017.01.20"]
[EventType "swiss"]
[EventRounds "10"]
[EventCountry "BRA"]
[SourceTitle "CBM 176 Extra"]
[Source "ChessBase"]
[SourceDate "2017.03.02"]
[SourceVersion "1"]
[SourceVersionDate "2017.03.02"]
[SourceQuality "1"]

1. e4 c5 2. Nc3 e6 3. Nge2 Nc6 4. g3 Nge7 5. Bg2 g6 6. h4 h5 7. d3 Bg7 8. Bg5 Rb8 9. 0-0 b5 10. Qc1 b4 11. Nd1 Ne5 12. b3 Ng4 13. Nb2 Qc7 14. a3 Nc6 15. Bf4 Nge5 16. axb4 Rxb4 17. c3 Rxb3 18. d4 Qb6 19. Na4 Qb5 20. Bxe5 Nxe5 21. Nxc5 Nd3 22. Nxd3 Qxd3 23. Qd1 Qxd1 24. Rfxd1 Rb2 25. Kf1 a6 26. e5 d6 27. f4 Bf8 28. Rdb1 Rxb1+ 29. Rxb1 Kd7 30. Nc1 dxe5 31. fxe5 Be7 32. Nb3 Kc7 33. Na5 Rg8 34. c4 g5 35. Nc6 Bf8 36. hxg5 Rxg5 37. Rb3 Bb7 38. Na5 Rf5+ 39. Kg1 Bxg2 40. Kxg2 f6 41. Rb7+ Kc8 42. Rb6 fxe5 43. Rxa6 exd4 44. Rxe6 Kd7 45. Nb3 Bg7 46. Re4 d3 47. Re3 Rg5 48. Rxd3+ Kc6 49. Kf3 Be5 50. Kf2 Rg4 51. Re3 Bb8 52. Re6+ Kd7 53. Nc5+ Kd8 54. Ne4 Kd7 55. Nc5+ Kd8 56. Ne4 Kd7 57. Nc5+ Kd8 58. Re4 Ba7 59. Kf3 Bxc5 60. Rxg4 hxg4+ 61. Kxg4 Ke8 62. Kf5 Kf7 63. g4 Kg7 1/2-1/2